000
00284nam a22001217a 4500
008
190311b xxu||||| |||| 00| 0 eng d
041
_a
eng
080
_a
043.3
100
_a
0
101
_a
INI-BA
245
_a
Egzekutimi i Trotuarit me Infrastrukture
_c
Shabani, H
942
_2
udc
_c
BK
999
_c
54696
_d
54696